Vainqueurs de la Premier League - Mort Subite - Statistiques

Statistiques générales
  • Ce quiz a été pris 2 104 fois
    423 depuis la dernière actualisation
  • Le résultat moyen est 4 sur 7
Answers on the Grid
Answers color-coded by a green-red scale on the quiz's grid according to % correct below.
Manchester United
Blackburn Rovers
Arsenal FC
Chelsea FC
Manchester City
Leicester City
Liverpool FC
Everton FC
Aston Villa
Newcastle United
Tottenham Hotspur
Sunderland AFC
West Bromwich Albion
Bolton Wanderers
Blackpool FC
Wolverhampton Wanderers
West Ham United
Sheffield Wednesday
Derby County
Sheffield United
Stoke City
Middlesbrough FC
Burnley FC
Nottingham Forest
Birmingham City
Watford FC
Southampton FC
Portsmouth FC
Fulham FC
Crystal Palace
 
Statistiques - réponses
Réponse % Correct
Arsenal FC
67%
Chelsea FC
66%
Liverpool FC
63%
Manchester City
62%
Leicester City
61%
Manchester United
61%
Blackburn Rovers
13%
Aucun quiz correspondant
Distribution des résultats
% des personnes avec chaque résultat
Percentile par nombre de réponses
Votre historique - résultats
Vous n’avez pas pris ce quiz depuis la dernière actualisation